Amber Brown: Wants Extra Credit (Record no. 25266)

MARC details
000 -LEADER
fixed length control field 00564nam a22002057a 4500
003 - CONTROL NUMBER IDENTIFIER
control field OSt
005 - DATE AND TIME OF LATEST TRANSACTION
control field 20260626160538.0
008 - FIXED-LENGTH DATA ELEMENTS--GENERAL INFORMATION
fixed length control field 260626b |||||||| |||| 00| 0 eng d
020 ## - INTERNATIONAL STANDARD BOOK NUMBER
International Standard Book Number 0590947168
040 ## - CATALOGING SOURCE
Transcribing agency Chuka University Library
050 ## - LIBRARY OF CONGRESS CALL NUMBER
Classification number PZ 7
Item number .D36 1996
100 ## - MAIN ENTRY--PERSONAL NAME
Personal name Danziger Paula
9 (RLIN) 31184
245 ## - TITLE STATEMENT
Title Amber Brown: Wants Extra Credit
260 ## - PUBLICATION, DISTRIBUTION, ETC.
Place of publication, distribution, etc. New York
Name of publisher, distributor, etc. Scholastic Inc
Date of publication, distribution, etc. 1996
300 ## - PHYSICAL DESCRIPTION
Extent 120P
Other physical details Illustrations
650 ## - SUBJECT ADDED ENTRY--TOPICAL TERM
Topical term or geographic name entry element Divorce-- Fiction
9 (RLIN) 30569
650 ## - SUBJECT ADDED ENTRY--TOPICAL TERM
Topical term or geographic name entry element Schools-- Fiction
9 (RLIN) 27795
700 ## - ADDED ENTRY--PERSONAL NAME
Personal name Tony Ross
9 (RLIN) 31312
942 ## - ADDED ENTRY ELEMENTS (KOHA)
Source of classification or shelving scheme Library of Congress Classification
Koha item type Long Loan Books
Suppress in OPAC No
Holdings
Withdrawn status Lost status Source of classification or shelving scheme Damaged status Not for loan Collection Home library Current library Shelving location Date acquired Source of acquisition Total Checkouts Full call number Barcode Date last seen Copy number Price effective from Koha item type
    Library of Congress Classification     General Collection Books Main Campus Library Main Campus Library General Stacks 26/06/2026 Donations from Books for Africa   PZ 7 .D36 1996 35821/2026 26/06/2026 1 26/06/2026 Long Loan Books

Powered by Koha